[Event "Tata Steel-A 77th"]
[Site "Wijk aan Zee"]
[Date "2015.01.24"]
[Round "12"]
[White "Vachier Lagrave, Maxime"]
[Black "Aronian, Levon"]
[Result "1/2-1/2"]
[WhiteElo "2757"]
[BlackElo "2797"]
[Annotator "Sumets,A"]
[PlyCount "65"]
[EventDate "2015.01.10"]
[EventType "tourn"]
[EventRounds "13"]
[EventCountry "NED"]
[EventCategory "20"]
[SourceTitle "CBM 165"]
[Source "ChessBase"]
[SourceDate "2015.03.11"]
[SourceVersion "1"]
[SourceVersionDate "2015.03.11"]
[SourceQuality "1"]

1. Nf3 d5 2. g3 Nf6 3. Bg2 e6 4. O-O Be7 5. d4 O-O 6. c4 dxc4 7. Qc2 a6 8. Qxc4
b5 9. Qc2 Bb7 10. Bd2 Bd6 11. Re1 (11. a3 Nbd7 12. Ba5 (12. b4 Ra7 13. Nc3 {
Carlsen,M - Aronian,L/FIDE candidates London 2013 (M. Marin)} (13. Bc3 {
Caruana,F - Karjakin,S/Wijk aan Zee 2014 (M. Marin)})) 12... Qb8 13. b4 e5 $1
14. Nbd2 (14. dxe5 Nxe5 15. Nbd2 Nc6 16. Nb3 Rc8 17. Bh3 (17. Rfd1 $5 Nxa5 18.
Nxa5 Be4 19. Qd2 {preventing c5} Rd8 20. Rac1 $14) 17... Re8 18. Rac1 Qa7 19.
Rfd1 Re4 20. Bg2 Rc4 21. Qd3 Ng4 22. Nfd4 Nge5 23. Qd2 {1/2-1/2 (23) Ganguly,S
(2630)-Shyam,S (2484) Kolkata 2012}) 14... exd4 15. Nxd4 Bxg2 16. Kxg2 c5 17.
bxc5 (17. Nf5 Re8 18. bxc5 Bxc5 19. Nf3 Qb7 20. Bc3 $11) 17... Bxc5 18. N2b3
Qb7+ 19. Kg1 Bxd4 20. Nxd4 Rac8 $11 {Le,Q (2703)-Aronian,L (2803) Beijing 2013
0-1 (78)}) ({Up to the moment, 11.Rc1 is not dangerous continuation:} 11. Rc1
Nbd7 12. Ba5 $6 (12. b4 Nb6 13. a3 Be4 14. Qd1 Bd5 $6 (14... Nfd5 15. Be1 Nc4
16. Nbd2 Nxd2 17. Nxd2 Bxg2 18. Kxg2 f5 $11) 15. Bg5 a5 16. Nbd2 h6 17. Bxf6
gxf6 18. e4 Bb7 19. Rab1 $13 {Cvitan,O (2521)-Stigar,P (2297) Vienna 2009 1-0 
(26)}) 12... Qe7 13. Nbd2 c5 {Black played ...c5 so White's dark-squared
bishop on a5 is useless. Black has better chances.} 14. dxc5 Nxc5 15. Nd4 Rac8
16. Qd1 Bxg2 17. Kxg2 Qb7+ 18. N2f3 Nce4 $6 (18... Nfe4 $1 19. Kg1 g6 $15) 19.
Rxc8 Rxc8 20. Rc1 Rxc1 21. Qxc1 $11 {1/2-1/2 (78) Kovalyov,A (2617)-Panjwani,R
(2468) Santa Clara 2014}) (11. Nh4 {Caruana,F - Karjakin,S/Tashkent FIDE GP
2012}) (11. Bg5 Nbd7 12. Nbd2 Rc8 13. Bxf6 Nxf6 14. Nb3 c5 {leads to an equal
game:} (14... Be4 $6 15. Qc3 Qe7 16. Rac1 Nd7 17. Qe3 (17. Nc5 $1 Bxc5 18. dxc5
Rfd8 19. Rfd1 $14) 17... f5 18. Ne5 Bxg2 19. Kxg2 Bxe5 20. dxe5 c5 21. Rfd1 Nb6
22. Nxc5 $2 Nc4 23. Rxc4 bxc4 24. Rd6 Qa7 $1 $17 {0-1 (40) Bauer,C (2571)
-Bologan, V (2652) Belfort 2002}) 15. dxc5 Ne4 16. Rad1 Nxc5 17. Nxc5 Rxc5 18.
Qxc5 Bxc5 19. Rxd8 Rxd8 20. Ne5 Bxg2 21. Kxg2 Kf8 22. Rc1 Bd6 23. Nd3 $11 {
Bacrot,E (2749)-Navara,D (2705) Warsaw 2013 1/2-1/2 (41)}) 11... Be4 12. Qc1
Bb7 13. Qc2 Be4 14. Qc1 Bb7 15. Bg5 Nbd7 {The main continuation.} ({Onischuk
tried 15...h6 and didn't have any problems:} 15... h6 16. Bxf6 Qxf6 17. Nbd2
Qe7 18. e4 ({One might recommend as an improvement:} 18. Nb3 $5 a5 19. a4 bxa4
20. Rxa4 Bb4 21. Rd1 $14) 18... Nd7 19. Nh4 Rfc8 20. Qd1 Qd8 $11 {Kaidanov,G 
(2569) -Onischuk,A (2678) Saint Louis 2011 1/2-1/2 (51)}) 16. Nbd2 ({Probably
White has better chances to get an advantage after} 16. e4 Be7 $8 17. e5 Nd5
18. Bxe7 Qxe7 19. Ng5 c5 20. Nc3 $1 cxd4 21. Nxd5 Bxd5 22. Bxd5 exd5 23. e6
fxe6 24. Nxe6 Rfe8 25. Qc6 {Sandipan,C (2628)-Vidit,S (2513) Moscow 2012 1/2-1/
2 (44)} Rac8 26. Qxd5 (26. Qxa6 $6 d3 27. Rad1 (27. Qa5 Qf6 28. Nf4 Ne5 29.
Red1 g5 $17) 27... Rc1 $3 28. Rxc1 d2 29. Rcd1 dxe1=Q+ 30. Rxe1 Nf8 $15) 26...
Qf7 $11) 16... c5 {After this move the position becomes double-edged.} (16...
h6 17. Bxf6 Nxf6 18. Nb3 Rc8 (18... Bd5 $5 19. Nc5 Bxc5 20. Qxc5 Rc8 21. Rac1
Ne4 22. Qa3 Qd6 $11) 19. Nc5 (19. Rd1 Bd5 20. Ne1 Qe7 21. Nd3 Bxb3 $6 (21...
Rfe8 22. Nbc5 Bxg2 23. Kxg2 e5 24. dxe5 Bxe5 25. e3 Bd6 $11) 22. axb3 c5 23.
dxc5 Bxc5 24. Nxc5 Qxc5 25. Bb7 $14 {Giri,A (2642)-Hammer,J (2610) Malmo 2010
1-0 (60)}) 19... Bxc5 20. Qxc5 Ne4 21. Qa3 c5 22. dxc5 Rxc5 23. Rac1 $11 {
Wang,Y (2738)-Carlsen,M (2770) Leon 2009 1/2-1/2 (38)}) 17. e4 {This is a bit
risky; after the reply White's centre is under attack.} (17. Bxf6 gxf6 18. Nb3
c4 19. Nbd2 Rc8 (19... Qc7 20. Nh4 Rfd8 $13) 20. a3 Qa5 21. Nh4 Bxg2 22. Nxg2
c3 23. Ne4 cxb2 24. Nxf6+ Nxf6 25. Qg5+ Kh8 26. Qxf6+ Kg8 27. Qg5+ Kh8 28. Qf6+
{1/2-1/2 (26) Caruana,F (2697)-Zhigalko,S (2656) Sestao 2010}) 17... Be7 18. e5
{Mostly forced. Black has at least equal chances.} Nd5 19. Bxe7 (19. Ne4 cxd4
20. Qd2 Bxg5 (20... Qb6 $5 {It isn't obvious if White has compensation for the
pawn.} 21. Bxe7 Nxe7 22. Rad1 Bd5 23. Qxd4 (23. Nxd4 Nxe5 $17) 23... Qxd4 24.
Nxd4 Nxe5 25. Nc5 Bxg2 26. Kxg2 Nc4 27. b3 Nb6 $17) 21. Nexg5 h6 22. Ne4 Ne3
23. fxe3 Bxe4 24. exd4 Bd5 25. Nh4 Nb6 26. Be4 Rc8 27. Ng2 Bxe4 {1/2-1/2 (25)
Gelfand,B (2737)-Anand,V (2799) Wijk aan Zee 2008}) 19... Qxe7 20. Ne4 cxd4 21.
Qd2 Rad8 (21... Ne3 $5 22. fxe3 Bxe4 23. exd4 Bd5 24. Qg5 Qd8 25. b3 Qb6 26.
Rad1 Rad8 $15 {Delchev,A (2618)-Ubilava,E (2525) Benasque 2008 1/2-1/2 (45)})
22. Rac1 {This is logical, White is trying to keep pressure in the centre.} (
22. Qxd4 $6 Nb4 23. Rac1 Nc6 24. Qc3 b4 25. Qe3 Ncxe5 26. Rc7 Bxe4 27. Qxe4 Qd6
$15 {White doesn't have enough compensation for the pawn.}) 22... Qb4 $1 23.
Qd3 $5 (23. Qxd4 Qxd4 24. Nxd4 Nb4 25. Rc7 Ba8 $1 $15 {Black will take the
e5-pawn and will get an advantage.}) 23... Qxb2 24. a3 ({Another possible
continuation is not better:} 24. Neg5 g6 25. Nxd4 (25. Qxd4 Qxd4 26. Nxd4 Rc8
$17) 25... Nxe5 26. Qe4 Nb4 $1 27. Qxb7 (27. Qh4 h5 $19) 27... Nbd3 $19) 24...
Nc3 $6 (24... Rc8 $1 25. Rb1 Qc2 {White has nothing better than trading queens
and playing an endgame.} 26. Qxc2 Rxc2 27. Nxd4 Rc4 $17) 25. Neg5 g6 26. Nxd4
Bxg2 27. Kxg2 Na4 $1 (27... Nxe5 $2 28. Qxc3 Qxc3 29. Rxc3 Rxd4 30. Rxe5 f6 31.
Rxe6 fxg5 32. Rxa6 $11) 28. Rcd1 Ndc5 29. Qe3 Qc3 30. Qf4 Nd3 $6 ({The only
way to continue the game is} 30... Qc4 $1 31. Qh4 h5 32. Nxf7 $1 Rd7 $1 (32...
Kxf7 33. Qf6+ Ke8 34. Qxg6+ Rf7 35. Qg8+ Rf8 36. Qg6+ $11) 33. Nd6 $8 Qd5+ 34.
Kg1 Nb2 35. Qg5 (35. Rd2 Nbd3 36. Re3 Nxe5 37. Qg5 Ng4 $17) 35... Nxd1 36. Rxd1
Rg7 $17) 31. Qh4 $1 $11 Nxe1+ 32. Rxe1 h5 33. Ne4 (33. Ne4 Qxd4 34. Nf6+ Kg7 (
34... Kh8 35. Qg5 $11) 35. Nxh5+ $11) 1/2-1/2

[Event "Mordechay Porat Memorial"]
[Site "Rehovot"]
[Date "2001.11.23"]
[Round "3"]
[White "Mikhalevski, Victor"]
[Black "Tsesarsky, Ilya"]
[Result "1/2-1/2"]
[WhiteElo "2501"]
[BlackElo "2442"]
[Annotator "Tsesarsky,I"]
[PlyCount "110"]
[EventDate "2001.11.23"]
[EventType "swiss"]
[EventRounds "5"]
[EventCountry "ISR"]
[SourceTitle "CBM 086"]
[Source "ChessBase"]
[SourceDate "2002.02.05"]
[SourceVersion "1"]
[SourceVersionDate "2002.02.05"]
[SourceQuality "1"]

1. d4 Nf6 2. c4 e6 3. g3 d5 4. Bg2 Be7 5. Nf3 O-O 6. O-O dxc4 7. Qc2 a6 8. a4
Bd7 9. Qxc4 Bc6 10. Bg5 Bd5 11. Qc2 Be4 12. Qc1 Nc6 (12... h6 13. Bf4 Bd6 (
13... Nc6 $5) 14. Nc3 Bc6 15. a5 Nbd7 16. Re1 Bxf4 17. Qxf4 Nd5 18. Nxd5 exd5
19. Rac1 $14 {1/2-1/2 Mikhalevski,V-Kruppa,Y/Panormo GRE 2001/The Week in
Chess 360 (37)}) 13. Rd1 {Except of this move, White has next possibilities:} (
{1.} 13. Nbd2 Nxd4 14. Nxd4 Bxg2 15. Nxe6 fxe6 16. Kxg2 Qd5+ (16... Nd5 17.
Bxe7 Qxe7 18. Nf3 (18. a5 Qb4 19. Kg1 Rad8 20. Nc4 Qc5 21. Ra3 Nb4 22. Ne3 Qxc1
23. Rxc1 Nc6 24. Kf1 Rd2 $11 {1-0 Pigusov,E-Bagirov,R/Dubai UAE 2001/The Week
in Chess 338 (57)}) 18... Qf6 19. Ra3 Rad8 20. Qc2 Rd6 21. Rb3 Rc6 22. Qe4 Nb6
23. a5 Nc4 24. Rxb7 Nxa5 25. Rb4 Rc5 26. Ra4 $14 {1-0 Bauer,C-Bellini,F/
Mondariz 2000/CBM 79 no vc (34)}) 17. Nf3 Qe4 (17... Bd6 18. Qc2 Qe4 19. Rfc1
Qxc2 20. Rxc2 Nd5 $11 {1-0 Georgiev,K-Brenjo,S/Herceg Novi YUG 2001/The Week
in Chess 358 (85)}) (17... c5 18. a5 (18. Rd1 Qc6 19. Qc2 h6 20. Bf4 {-see
commented game 1-0 Tkachiev,V-Piket,J/Cannes 2000/CBM 77 [Ribli,Z](65)}) 18...
h6 19. Bxf6 Bxf6 20. Qc2 $11 {1/2-1/2 Georgiev,K-Beliavsky,A/Castrop Rauxel
GER 2001/The Week in Chess 362 (67)}) 18. Qe3 Qxe3 19. Bxe3 Nd5 20. Bd2 Rfd8
21. Rfc1 c6 22. Rc4 Bf6 $11 {1-0 Dorfman,J-Onischuk,A/Cap d'Agde FRA 2000 (79)}
) ({2.} 13. e3 Nb4 14. Nc3 Bc6 15. Qb1 (15. a5 Rc8 16. Rd1 Bxf3 17. Bxf3 Nfd5
18. Bxe7 Qxe7 19. Na4 {-see commented game 1/2-1/2 Pigusov,E-Liang Jinrong/
Beijing 1997/CBM 61 [Ribli,Z](37)}) 15... h6 16. Bxf6 Bxf6 17. Rd1 g6 $132 {
1/2-1/2 Maksimenko,A-Kruppa,Y/Ordzhonikidze 2000/CBM 78 (22)}) 13... h6 14. Bf4
Bxf3 15. Bxf3 Nxd4 16. Kg2 c5 17. e3 Nb3 18. Rxd8 Nxc1 19. Rxa8 Rxa8 20. Bxb7
Ra7 21. Bc6 Nb3 22. Bb8 Rd7 23. Bxd7 Nxd7 24. Ra3 c4 $11 {Here V.Mikhalevsky
first time started to think. I felt, he knows something, because for me theory
was finished after 12...Nc6...} 25. Bc7 ({After our game Viktor tell me about
this position, it already was played by strong grandmasters...} 25. Ba7 Ne5 $1
(25... Bxa3 $2 26. Nxa3 Nd2 (26... Ne5 27. f4 Nc6 28. Bb6 Nd2 29. Kf2 c3 30.
Ke2 Nb1 $1 31. Bc5 Nxa3 32. bxa3 e5 33. Kd3 f5 34. Kxc3 Kf7 35. Kc4 Ke6 36. Bf8
$16) 27. Bd4 $16 {[%csl Rc4][%cal Gd4c3]}) 26. Rxb3 cxb3 27. Nd2 Nd3 28. Bd4
Nc1 $1 $132 (28... Bf6 $6 29. Bxf6 gxf6 30. Nxb3 Nxb2 31. a5 Nc4 32. Kf3 Nd6
33. Nc5 Nc4 34. Nb7 Kf8 35. Ke4 Ke7 36. Kd4 Ne5 37. Kc5 Nd3+ 38. Kb6 Nxf2 39.
Kxa6 Nd1 40. e4 Nc3 41. Nc5 $18 {1-0 Tkachiev,V-Adams,M/Cannes FRA 2001/The
Week in Chess 332 (45)})) 25... Bxa3 $5 {Possible capture!} ({Interesting was} 
25... Ndc5 $5 26. a5 Nd3 27. Ra4 Nxb2 28. Ra2 Bf6 $44) 26. Nxa3 Ndc5 27. Nxc4
Nxa4 28. Kf3 f6 ({Or} 28... Nac5 29. g4 Kh7 30. h4 h5 $1 $11) 29. g4 g5 $2 $16
({Right was} 29... Kh7 $1 30. h4 h5 31. gxh5 Kh6 32. Kg4 f5+ 33. Kg3 Nac5 34.
f3 Kxh5 $11) 30. Ke2 Kf7 31. Kd3 Kg6 32. Bd6 h5 33. h3 $2 $11 ({After the game
Mikhalevsky said, he thought about} 33. Kc2 $1 {but he was not able to
calculate next variations precisely:} Na1+ 34. Kb1 Nb3 35. Ka2 Nac5 36. gxh5+
Kxh5 37. Ka3 a5 38. Nxa5 Nxa5 39. Bxc5 Nc4+ 40. Kb3 Nd2+ 41. Kc3 (41. Kb4 Kg4
42. Bd6 $16) 41... Ne4+ 42. Kd4 Nxf2 43. b4 Ng4 44. b5 $18) 33... Nbc5+ 34.
Bxc5 {NN endgame is drawn.} Nxc5+ 35. Kd4 Nb3+ 36. Kc3 Nc1 $1 37. Kd2 Nb3+ 38.
Kc2 Nc5 39. f3 f5 40. b4 Nd7 41. Kd3 hxg4 42. hxg4 Kf6 $22 43. Kc3 $1 (43. Kd4
$2 e5+ 44. Kd5 e4 45. fxe4 fxg4 $17) 43... Ne5 ({Or} 43... fxg4 44. fxg4 Ke7
45. Kd4 Nf6 46. Ne5 Nd5 47. Nd3 Nf6 48. Ne5 $11) 44. Nxe5 Kxe5 45. Kd3 fxg4 46.
fxg4 Kd5 47. e4+ Ke5 48. Ke3 Kd6 49. Kd4 e5+ 50. Kd3 Kd7 51. Kc2 Kc6 52. Kc3
Kb6 53. Kb2 Kc7 54. Ka3 Kb7 55. Kb3 Kc7 1/2-1/2

[Event "Danzhou 10th"]
[Site "Danzhou"]
[Date "2019.07.07"]
[Round "7"]
[White "Vidit, Santosh Gujrathi"]
[Black "Wang, Hao"]
[Result "1-0"]
[WhiteElo "2707"]
[BlackElo "2737"]
[Annotator "Vidit,S"]
[PlyCount "91"]
[EventDate "2019.06.30"]
[EventType "tourn"]
[EventRounds "9"]
[EventCountry "CHN"]
[EventCategory "20"]
[SourceTitle "CBM 191"]
[Source "ChessBase"]
[SourceDate "2019.08.31"]
[SourceVersion "1"]
[SourceVersionDate "2019.08.31"]
[SourceQuality "1"]

{[%evp 0,12,19,31,25,-16,-12,-23,-6,-7,12,17,-6,18,-7]} 1. d4 Nf6 2. c4 e6 3.
g3 d5 4. Bg2 Be7 5. Nf3 O-O 6. O-O dxc4 7. Qc2 (7. Qa4 a6 {1/2-1/2 (85)
Caruana,F (2828)-Dominguez Perez,L (2739) Saint Louis USA 2019}) 7... a6 8.
Qxc4 b5 9. Qc2 Bb7 10. Bd2 Be4 11. Qc1 c6 {This line, introduced at the high
level in the game Giri-Kramnik, used to be considered equal in the past few
years. However, recently many players with White came up with micro ideas to
test Black. I had one such idea for this game.} 12. a4 Nbd7 13. Nc3 Bg6 14. Nh4
Bh5 15. h3 {A rare move. This was played in Caruana-Dominguez in the USA
Championship 2019.} Nd5 16. axb5 axb5 17. Nxd5 $5 $146 {A new concept. The
resulting positions look quite harmless. But as the game shows, White's idea
does have some poison.} (17. Rxa8 Qxa8 18. e4 Nb4 19. Bg5 Qd8 20. Bxe7 Qxe7 21.
Qe3 Rd8 22. Rc1 Nf8 23. Bf3 Bxf3 24. Nxf3 $14 {1/2-1/2 (85) Caruana,F (2828)
-Dominguez Perez,L (2739) Saint Louis USA 2019}) 17... cxd5 18. Bf3 Bxf3 19.
Nxf3 Qb6 20. Qc2 {It might look harmless for Black, and it could actually be.
Before the game, I didn't see a clear way to neutralize the pressure on both
the c-file and the a-file. It felt a little uncomfortable for Black. My theory
was approved by Wang Hao as he thought for more than 35 mins!} Rac8 21. Qd3 Ra8
{Looks strange!} 22. Rxa8 $1 Rxa8 23. Rc1 {Taking complete control over c-file.
Whereas black can't make much use of the open a-file. Also it's hard for black
to come up with a plan. Whereas white just plays Bf4 and puts the major pieces
on the c-file} h6 24. Bf4 g5 {A very committal decision. But I understand the
reasoning. The threats of Rc7 were quite annoying.} (24... Bd6 {doesn't really
work.} 25. Bxd6 Qxd6 26. Qxb5 Rb8 27. Qa4 Rxb2 28. Rc8+ Kh7 29. Rd8 $18) 25.
Ne5 $5 {Straightforward and tempting!} (25. Be3 Nf6 26. Kg2 Ne4 27. Ne5 {
followed by ideas of h4 was also an idea.}) 25... Nxe5 $2 {A pleasant surprise!
} (25... Nf6 {Looked more compact.} 26. Rc6 (26. Be3 $14) 26... Qb7 $1 27. Be3
Ne4 28. Qc2 Bd6 {Keeps things together concretely!}) 26. Bxe5 $16 b4 $6 (26...
Bf8 {and Bg7 next is more tenable. Wang Hao clearly seemed frustrated at his
position as he started to blitz out the moves from now on.}) 27. Qf3 $6 {
It's very tempting to attack on the kingside. The move itself is not bad as
such, but in hindsight it seems like a step in the wrong direction.} (27. h4 $1
{The queen on d3 is ideally placed as Black can't play f6. At the same time
it's not easy to see how Black can possibly avoid the opening up of the
kingside.}) 27... Qd8 $1 (27... f6 28. Rc7 Bd8 29. Rd7 Qc6 30. Rxd8+ $1 {
was the point!} Rxd8 31. Qxf6 $18) 28. Qh5 Bf8 (28... Qf8 29. Rc7 $18 {Black's
completely paralyzed.}) 29. Rc7 Qe8 30. h4 $2 {The big mistake! This throws
away the entire advantage. I actually thought for over 20mins at this point.
Probably the theory that if you think over 20mins you are more likely to make
a mistake has some sense to it!} (30. Kg2 {Apparently just keeping the status
quo was the way.} Bg7 31. Bxg7 Kxg7 32. f4 $1 gxf4 33. Qg4+ Kf8 34. Qxf4 Kg7 {
There are many good moves, but I like the Engine's suggestion of Kf3 :D} 35.
Kf3 $16) 30... f5 31. Qf3 g4 $2 {The decisive error. As soon as I had played
h4, I realized that instead of the automatic g4, Black can take on h4, with
the concrete of idea of exchanging the queens. The logic behind this mistake
could be that the entire game Black was trying to close up the kingside! He
chose the wrong moment to do so.} (31... gxh4 $1 32. gxh4 Qg6+ 33. Kh2 Qg4 $1 {
The point! Black is now completely fine.}) 32. Qe3 Rc8 33. Ra7 $1 {Probably
Black thought that he could keep challenging the rook on the 7th rank.} (33.
Rb7 $2 Qc6 34. Ra7 Qc1+) 33... Qc6 (33... Ra8 34. Rb7 $1 Qc6 35. Rc7 $1 {
The clever rook dance evades the exchange.}) 34. Bf4 $1 {Protecting c1 and
avoiding the queen exchange.} Qb6 35. Qe5 $1 {Very precise! There was another
tempting option, which leads to a study like draw.} (35. Rd7 {Initially I was
tempted to go in this direction.} Qc6 36. Rd6 {This flashy move looked quite
tempting!} Qc1+ $1 (36... Bxd6 37. Qxe6+ $18) 37. Qxc1 Rxc1+ 38. Bxc1 Bxd6 39.
Bxh6 {It looks like White is pawn up and he should be winnning, but in fact
Black saves the game.} b3 $1 40. Bd2 {The only idea for white is to try to
attack the b3 pawn with the King.} e5 41. Bc3 (41. dxe5 Bxe5 42. Bc1 Kh7 {
is easy draw.}) 41... e4 42. e3 {The plan seems simple. Bring the king to d2
and then play Ba5 and Kc3.} Kf7 43. Kf1 Kg6 44. Ke2 Be7 45. Kd2 {[#]} f4 $3 {
Absolutely brilliant defense} 46. exf4 Bf6 $1 $11 {Surprisingly, There is no
way to improve!}) 35... h5 36. Qf6 Rc1+ 37. Bxc1 Qxa7 38. Qxe6+ Qf7 39. Qc8 $18
{Now the win is technical and White has more than one way to convert.} Kh7 40.
Bf4 Kg6 41. Be5 Be7 42. Qc6+ Kh7 43. e3 Bf8 44. Bd6 Bxd6 45. Qxd6 $18 b3 46.
Qb6 1-0